England Naional Football Team all time opponents - Statistics

General Stats
  • This quiz has been taken 93 times
  • The average score is 62 of 85
Answer Stats
Answer % Correct
Brazil
99%
Republic of Ireland
96%
Scotland
96%
Argentina
94%
Australia
94%
Spain
94%
United States of America
94%
Sweden
93%
Germany
92%
Portugal
92%
Denmark
90%
Japan
90%
Wales
90%
Austria
89%
Colombia
89%
Finland
89%
France
89%
Mexico
89%
Russia
89%
Canada
88%
Chile
88%
New Zealand
88%
Northern Ireland
88%
Norway
88%
South Korea
88%
Belgium
86%
Andorra
85%
Switzerland
85%
Uruguay
85%
Italy
83%
Poland
83%
Slovakia
83%
Hungary
82%
Iceland
82%
Netherlands
82%
Bulgaria
81%
China
81%
South Africa
81%
Turkey
81%
Algeria
79%
Egypt
79%
Greece
79%
Paraguay
79%
Slovenia
79%
Peru
78%
Romania
78%
Cameroon
76%
Albania
75%
Croatia
75%
Czech Republic
74%
Jamaica
74%
Estonia
72%
San Marino
72%
Yugoslavia
72%
Costa Rica
71%
Lithuania
71%
Ecuador
69%
Ghana
69%
Morocco
68%
Belarus
67%
Honduras
67%
Ukraine
67%
Tunisia
65%
Cyprus
61%
Luxembourg
61%
Saudi Arabia
61%
Trinidad and Tobago
61%
Macedonia
60%
East Germany
58%
Malta
58%
Moldova
57%
Montenegro
57%
West Germany
57%
Israel
56%
Azerbaijan
53%
Georgia
53%
Nigeria
53%
Soviet Union/CIS
51%
Kuwait
47%
Liechtenstein
42%
Kazakhstan
38%
Zimbabwe
32%
Malaysia
19%
Serbia and Montenegro
14%
Czechoslovakia/Bohemia
4%
No matching quizzes found
Score Distribution
Percent of People with Each Score
Percentile by Number Answered
Your Score History
You have not taken this quiz